8 hours/ (Record no. 149667)

MARC details
000 -LEADER
fixed length control field 00421nam a22001697a 4500
005 - DATE AND TIME OF LATEST TRANSACTION
control field 20180203123556.0
010 ## - LCCN (DPL NO)
LC control number ENG-122197
020 ## - INTERNATIONAL STANDARD BOOK NUMBER
International Standard Book Number 9789386850041
Terms of availability 350.00
035 ## - SYSTEM CONTROL NUMBER
System control number EN-105729
037 ## - SOURCE OF ACQUISITION
Source of stock number/acquisition DBAD/PUB
082 ## - DEWEY DECIMAL CLASSIFICATION NUMBER
Classification number N
100 ## - MAIN ENTRY--PERSONAL NAME
Personal name Namburi, Upendra
245 ## - TITLE STATEMENT
Title 8 hours/
Statement of responsibility, etc by Upendra Namburi
260 ## - PUBLICATION, DISTRIBUTION, ETC. (IMPRINT)
Place of publication, distribution, etc New Delhi
Name of publisher, distributor, etc Westland Publications
Date of publication, distribution, etc 2017
300 ## - PHYSICAL DESCRIPTION
Extent 282p.
Dimensions 22cm.(Hb)
942 ## - ADDED ENTRY ELEMENTS (KOHA)
Source of classification or shelving scheme Dewey Decimal Classification
Item type English Books
Classification part N
Call number suffix NAM
Holdings
Withdrawn status Lost status Not for loan Collection code Home library Current library Date acquired Source of acquisition Cost, normal purchase price Full call number Barcode Copy number Cost, replacement price Koha item type
    Not For Loan Fiction D.B.Act.Division D.B.Act.Division 03/02/2018 DBAD/PUB 350.00 N NAM EN-105729 1 350.00 English Books

© Delhi Public Library
Hit Counter
free hit counter